<?xml version="1.0" encoding="UTF-8"?>
<record
    xmlns:xsi="http://www.w3.org/2001/XMLSchema-instance"
    xsi:schemaLocation="http://www.loc.gov/MARC21/slim http://www.loc.gov/standards/marcxml/schema/MARC21slim.xsd"
    xmlns="http://www.loc.gov/MARC21/slim">

  <leader>00904nam a22002297a 4500</leader>
  <datafield tag="999" ind1=" " ind2=" ">
    <subfield code="c">5808</subfield>
    <subfield code="d">5808</subfield>
  </datafield>
  <controlfield tag="003">GBCCL</controlfield>
  <controlfield tag="005">20241126110550.0</controlfield>
  <controlfield tag="008">180409b           ||||| |||| 00| 0 eng d</controlfield>
  <datafield tag="020" ind1=" " ind2=" ">
    <subfield code="a">8172144946 </subfield>
  </datafield>
  <datafield tag="020" ind1=" " ind2=" ">
    <subfield code="a">9788172144944</subfield>
  </datafield>
  <datafield tag="040" ind1=" " ind2=" ">
    <subfield code="c">GBC</subfield>
  </datafield>
  <datafield tag="082" ind1=" " ind2=" ">
    <subfield code="a">362.29</subfield>
    <subfield code="b">SUW</subfield>
  </datafield>
  <datafield tag="100" ind1=" " ind2=" ">
    <subfield code="a">Suwartic, Benjamin S </subfield>
    <subfield code="9">10511</subfield>
  </datafield>
  <datafield tag="245" ind1=" " ind2=" ">
    <subfield code="a">Dangerous drugs, drinks and tobacco /</subfield>
    <subfield code="c">Benjamin S Suwartic; I.S.P.C.K. (Organization)</subfield>
  </datafield>
  <datafield tag="260" ind1=" " ind2=" ">
    <subfield code="a">Delhi : </subfield>
    <subfield code="b">Ashish Amos of Indian Society for Promoting Christian Knowledge,</subfield>
    <subfield code="c"> &#xA9;1999</subfield>
  </datafield>
  <datafield tag="300" ind1=" " ind2=" ">
    <subfield code="a">71, [1] pages ; </subfield>
    <subfield code="b">19 cm.</subfield>
  </datafield>
  <datafield tag="440" ind1=" " ind2=" ">
    <subfield code="a">Developmental education series, 81</subfield>
    <subfield code="9">10512</subfield>
  </datafield>
  <datafield tag="505" ind1=" " ind2=" ">
    <subfield code="a">The pestilence of narcotic --
Drugs on the playground --
Liquor is injurious --
Tobacco and smoking --
Pan masala --
Prohibition of addictions in religion.</subfield>
  </datafield>
  <datafield tag="650" ind1=" " ind2=" ">
    <subfield code="a">Substance abuse -- India. </subfield>
    <subfield code="9">10513</subfield>
  </datafield>
  <datafield tag="650" ind1=" " ind2=" ">
    <subfield code="a">Substance abuse. </subfield>
    <subfield code="z">India.</subfield>
    <subfield code="9">10514</subfield>
  </datafield>
  <datafield tag="942" ind1=" " ind2=" ">
    <subfield code="2">ddc</subfield>
    <subfield code="c">BK</subfield>
    <subfield code="0">13</subfield>
  </datafield>
  <datafield tag="952" ind1=" " ind2=" ">
    <subfield code="0">0</subfield>
    <subfield code="1">0</subfield>
    <subfield code="2">ddc</subfield>
    <subfield code="4">0</subfield>
    <subfield code="7">0</subfield>
    <subfield code="a">GBC</subfield>
    <subfield code="b">GBC</subfield>
    <subfield code="c">GS</subfield>
    <subfield code="d">2018-04-09</subfield>
    <subfield code="l">1</subfield>
    <subfield code="o">362.29 SUW</subfield>
    <subfield code="p">006250</subfield>
    <subfield code="r">2025-05-01 00:00:00</subfield>
    <subfield code="s">2023-09-11</subfield>
    <subfield code="t">c.1</subfield>
    <subfield code="w">2018-04-09</subfield>
    <subfield code="y">BK</subfield>
  </datafield>
  <datafield tag="952" ind1=" " ind2=" ">
    <subfield code="0">0</subfield>
    <subfield code="1">0</subfield>
    <subfield code="2">ddc</subfield>
    <subfield code="4">0</subfield>
    <subfield code="7">0</subfield>
    <subfield code="a">GBC</subfield>
    <subfield code="b">GBC</subfield>
    <subfield code="c">GS</subfield>
    <subfield code="d">2018-04-10</subfield>
    <subfield code="l">3</subfield>
    <subfield code="o">362.29 SUW</subfield>
    <subfield code="p">006313</subfield>
    <subfield code="r">2025-05-01 00:00:00</subfield>
    <subfield code="s">2024-03-04</subfield>
    <subfield code="t">c.2</subfield>
    <subfield code="w">2018-04-10</subfield>
    <subfield code="y">BK</subfield>
  </datafield>
  <datafield tag="952" ind1=" " ind2=" ">
    <subfield code="0">0</subfield>
    <subfield code="1">0</subfield>
    <subfield code="2">ddc</subfield>
    <subfield code="4">0</subfield>
    <subfield code="7">0</subfield>
    <subfield code="a">GBC</subfield>
    <subfield code="b">GBC</subfield>
    <subfield code="c">GS</subfield>
    <subfield code="d">2018-07-30</subfield>
    <subfield code="l">4</subfield>
    <subfield code="o">362.29 SUW</subfield>
    <subfield code="p">013545</subfield>
    <subfield code="r">2025-05-01 00:00:00</subfield>
    <subfield code="s">2024-03-01</subfield>
    <subfield code="t">c.3</subfield>
    <subfield code="w">2018-07-30</subfield>
    <subfield code="y">BK</subfield>
  </datafield>
  <datafield tag="952" ind1=" " ind2=" ">
    <subfield code="0">0</subfield>
    <subfield code="1">0</subfield>
    <subfield code="2">ddc</subfield>
    <subfield code="4">0</subfield>
    <subfield code="7">0</subfield>
    <subfield code="a">GBC</subfield>
    <subfield code="b">GBC</subfield>
    <subfield code="c">GS</subfield>
    <subfield code="d">2018-07-30</subfield>
    <subfield code="l">3</subfield>
    <subfield code="o">362.29 SUW</subfield>
    <subfield code="p">013546</subfield>
    <subfield code="r">2025-12-02 14:35:59</subfield>
    <subfield code="s">2025-11-26</subfield>
    <subfield code="t">c.4</subfield>
    <subfield code="w">2018-07-30</subfield>
    <subfield code="y">BK</subfield>
  </datafield>
  <datafield tag="952" ind1=" " ind2=" ">
    <subfield code="0">0</subfield>
    <subfield code="1">0</subfield>
    <subfield code="2">ddc</subfield>
    <subfield code="4">0</subfield>
    <subfield code="7">0</subfield>
    <subfield code="a">GBC</subfield>
    <subfield code="b">GBC</subfield>
    <subfield code="c">GS</subfield>
    <subfield code="d">2019-02-18</subfield>
    <subfield code="l">6</subfield>
    <subfield code="o">362.29 SUW</subfield>
    <subfield code="p">013627</subfield>
    <subfield code="r">2025-09-26 10:12:03</subfield>
    <subfield code="s">2025-09-24</subfield>
    <subfield code="t">c.5</subfield>
    <subfield code="w">2019-02-18</subfield>
    <subfield code="y">BK</subfield>
  </datafield>
</record>
